Statistics for Most New Covid-19 Cases on 6 June

Click here to take the quiz!

General Stats

  • This quiz has been taken 14 times
  • The average score is 11 of 15

Answer Stats

new casescountry% Correct
4346Mexico
100%
1557United Kingdom
100%
22,836United States
100%
8855Russia
93%
10,438India
86%
2269Iran
86%
27,581Brazil
79%
1497Egypt
79%
4358Peru
79%
5246Chile
71%
4734Pakistan
64%
3121Saudi Arabia
57%
2539South Africa
50%
2635Bangladesh
43%
1700Qatar
43%

Score Distribution

Percentile by Number Answered

Percent of People with Each Score

Your Score History

You have not taken this quiz